México: maíz para tortillas y maíz para etanol /

Ya para mayo-junio de 2008 los precios internacionales de varios granos y otras materias primas registraron un desmedido aumento. Por otro lado, Estado Unidos busca fuentes alternativas al petróleo que complementen su demanda energética. Es así como el texto postula que la subordinación de la produc...

ver descrição completa

Na minha lista:
Detalhes bibliográficos
Autor principal: Aguilar Gómez, Javier de Jesús
Formato: Texto
Assuntos:
Tags: Adicionar Tag
Sem tags, seja o primeiro a adicionar uma tag!

MARC

LEADER 00000 a a2200000 04500
001 3653
003
040
100 |a Aguilar Gómez, Javier de Jesús  
245 |a México:   |b maíz para tortillas y maíz para etanol /  |c Javier de Jesús Aguilar Gómez 
520 |a Ya para mayo-junio de 2008 los precios internacionales de varios granos y otras materias primas registraron un desmedido aumento. Por otro lado, Estado Unidos busca fuentes alternativas al petróleo que complementen su demanda energética. Es así como el texto postula que la subordinación de la producción de maiz en México (como insumo en la producción de etanol) a los intereses estadounidenses ha influido en los elevados precios que los consumidores del mercado interno perciben.  
590 |a RRH/062010  
650 |a PRODUCTOS AGRICOLAS  
650 |a COMERCIO  
650 |a BIOCOMBUSTIBLES  
650 |a CONSUMO INTERNO  
650 |a MEXICO  
650 |a ESTADOS UNIDOS  
773 |g volumen 58, número 12; páginas 867-875  
999 |c 23179  |d 23179